000 00689nam a22002057a 4500
999 _c61657
_d61657
005 20240411112441.0
008 240411s2005 enk||||| |||| 00| 0 eng d
020 _a9780198529736x
041 _aeng
080 _a61(075.8) H-32
100 _aHarwood, Rowan H.
_921760
245 _aStroke Care:
_bA Practical Manual /
_cRowan H. Harwood, Farhad Huwez, Dawn Good.
264 _a‎Oxford :
_b‎Oxford University Press,
_c2005.
300 _a274 p. :
_bill. ;
_c16 cm.
653 _aმედიცინა
653 _aინსულტი
700 _aHuwez, Farhad
_eავტორი
_921761
700 _aGood, Dawn
_eავტორი
_921762
942 _2udc
_cᲬᲘᲒᲜᲘ